000 01060nam a22002057a 4500
003 JO-AjAnu
005 20250929131318.0
008 250928b jo ||||| |||| 00| 0 ara d
040 _aJO-AjAnu
_bara
_cJO-AjAnu
_dJO-AjAnu
_erda
041 0 _aara
_hara
050 _aKMM177
_b2025
100 1 _aالربابعة، صالح علي صالح
_eمعد
_966679
245 0 _aدور القرائن في الإثبات حسب القانون الأردني= The Role of Presumptions in Evidence According to Jordanian Law /
_cاعداد صالح علي صالح الربابعة ؛ اشراف زياد محمد الوحشات
260 _a2025
300 _a89 ورقة
504 _aرسالة جامعية( رسالة ماجستير في القانون)- جامعة عجلون الوطنية(عجلون،الاردن)-كلية الحقوق، قسم القانون، 2025.
650 7 0 _aالادلة القانونية- الاثبات- القاون الاردني.
_966680
700 1 _aالوحشات، زياد محمد
_964909
_eمشرف
942 _2lcc
_cTHS
_n0
999 _c34000
_d34000